Flags of Europe in 1942 - Statistics

General Stats
  • This quiz has been taken 248 times
    67 since last reset
  • The average score is 17 of 29
Answer Stats
Picture Answer % Correct
Albania
96%
Belgium
92%
Andorra
90%
German Reich
77%
Bulgaria
75%
Finland
75%
Croatia
71%
Italy
60%
Hungary
58%
Ireland
58%
Portugal
58%
Spain
58%
Sweden
58%
Iceland
56%
Liechtenstein
56%
Netherlands
56%
Romania
56%
Soviet Union
56%
Turkey
54%
United Kingdom
54%
San Marino
52%
Switzerland
52%
Serbia
50%
Vichy France
44%
Vatican City
42%
Bohemia and Moravia
38%
Montenegro
35%
Slovakia
33%
Hellenic State
21%
No matching quizzes found
Score Distribution
Percent of People with Each Score
Percentile by Number Answered
Your Score History
You have not taken this quiz since the last reset